[Event "32nd ECC Open 2016"]
[Site "Novi Sad SRB"]
[Date "2016.11.08"]
[Round "3.16"]
[Board "1"]
[White "Getz, Nicolai"]
[Black "Sprenger, Jan Michael"]
[Result "1/2-1/2"]
[WhiteTitle "IM"]
[BlackTitle "IM"]
[WhiteElo "2434"]
[BlackElo "2512"]
[WhiteTeam "Oslo Schakselskap"]
[BlackTeam "LSG IntelliMagic"]
[WhiteFideId "1505572"]
[BlackFideId "4646258"]
[EventDate "2016.11.06"]

1. e4 c5 2. Nf3 e6 3. d4 cxd4 4. Nxd4 Nc6 5. Nc3 a6 6. Be3 Nf6 7. Qd2 Bb4 8. f3
d5 9. O-O-O Qa5 10. Nb3 Bxc3 11. Nxa5 Bxd2+ 12. Bxd2 dxe4 13. Nxc6 bxc6 14. Bb4
exf3 15. gxf3 Nd5 16. Bc5 f6 17. c4 Nf4 18. Rg1 g5 19. h4 h6 20. Rh1 Rh7 21.
hxg5 fxg5 22. Bd6 Raa7 23. c5 Raf7 24. Bc4 h5 25. Rdg1 Rf5 26. b4 h4 27. Kd2 h3
28. Rh2 Rh4 29. a4 e5 1/2-1/2

[Event "32nd ECC Open 2016"]
[Site "Novi Sad SRB"]
[Date "2016.11.08"]
[Round "3.16"]
[Board "2"]
[White "Pijpers, Arthur"]
[Black "Hauge, Lars Oskar"]
[Result "0-1"]
[WhiteTitle "IM"]
[BlackTitle "IM"]
[WhiteElo "2465"]
[BlackElo "2415"]
[WhiteTeam "LSG IntelliMagic"]
[BlackTeam "Oslo Schakselskap"]
[WhiteFideId "1019554"]
[BlackFideId "1509276"]
[EventDate "2016.11.06"]

1. e4 c5 2. Nf3 d6 3. d4 cxd4 4. Nxd4 Nf6 5. Nc3 a6 6. Bg5 e6 7. f4 b5 8. e5
dxe5 9. fxe5 Qc7 10. exf6 Qe5+ 11. Be2 Qxg5 12. O-O Ra7 13. Qd3 Rd7 14. Ne4 Qe5
15. Nf3 Qxb2 16. Qe3 Bb7 17. Rab1 Qxc2 18. Nfg5 Qc7 19. a4 Qe5 20. axb5 a5 21.
Rbd1 g6 22. Qb6 Bxe4 23. Nxe4 Bb4 24. Qe3 Rxd1 25. Rxd1 Nd7 26. b6 Nxf6 27.
Nxf6+ Qxf6 28. Bb5+ Ke7 29. Qc1 Qe5 30. Rd7+ Kf6 31. Qf1+ Kg5 32. b7 f5 33. Rf7
Bc5+ 34. Kh1 Bd6 35. Qg1 Qxb5 36. Qe3+ f4 37. h4+ Kh6 38. Rxf4 Kg7 0-1

[Event "32nd ECC Open 2016"]
[Site "Novi Sad SRB"]
[Date "2016.11.08"]
[Round "3.16"]
[Board "3"]
[White "Mihajlov, Sebastian"]
[Black "Van Haastert, Edwin"]
[Result "1-0"]
[WhiteTitle "FM"]
[BlackTitle "IM"]
[WhiteElo "2359"]
[BlackElo "2448"]
[WhiteTeam "Oslo Schakselskap"]
[BlackTeam "LSG IntelliMagic"]
[WhiteFideId "1512110"]
[BlackFideId "1003992"]
[EventDate "2016.11.06"]

1. d4 Nf6 2. c4 g6 3. Nc3 d5 4. Nf3 Bg7 5. Qa4+ Bd7 6. Qb3 dxc4 7. Qxc4 O-O 8.
Bf4 Na6 9. e4 c5 10. dxc5 Qa5 11. e5 Nh5 12. Be3 Rac8 13. a3 b5 14. Qa2 Bg4 15.
b4 Nxb4 16. axb4 Qxb4 17. Qa5 Qxa5 18. Rxa5 Bxf3 19. gxf3 Bxe5 20. Nxb5 a6 21.
Rxa6 Ra8 22. Rxa8 Rxa8 23. Kd2 1-0

[Event "32nd ECC Open 2016"]
[Site "Novi Sad SRB"]
[Date "2016.11.08"]
[Round "3.16"]
[Board "4"]
[White "Bosman, Michiel"]
[Black "Kovachev, Daniel Jakobsen"]
[Result "1-0"]
[WhiteTitle "FM"]
[BlackTitle "FM"]
[WhiteElo "2353"]
[BlackElo "2309"]
[WhiteTeam "LSG IntelliMagic"]
[BlackTeam "Oslo Schakselskap"]
[WhiteFideId "1000721"]
[BlackFideId "1503448"]
[EventDate "2016.11.06"]

1. Nf3 Nf6 2. c4 e6 3. g3 d5 4. d4 dxc4 5. Bg2 Nc6 6. O-O Rb8 7. e3 Bd6 8. Qe2
b5 9. b3 cxb3 10. axb3 O-O 11. Bd2 Bb7 12. Rc1 e5 13. dxe5 Bxe5 14. Ra2 Bd6 15.
Be1 a6 16. Nh4 Qd7 17. Bc3 Be5 18. Rac2 Qe6 19. Nd2 Bxc3 20. Rxc3 Nd5 21. Rc5
Rbd8 22. Ne4 Ndb4 23. R5c3 Ba8 24. Nc5 Qe5 25. Nf3 Qh5 26. Re1 Ne5 27. Nd4 Qxe2
28. Rxe2 Bxg2 29. Kxg2 Rfe8 30. f4 Ng4 31. Kf3 Nd5 32. Rd3 Nb4 33. Rdd2 Nf6 34.
e4 g6 35. Nc2 Rxd2 36. Rxd2 Nxc2 37. Rxc2 a5 1-0

[Event "32nd ECC Open 2016"]
[Site "Novi Sad SRB"]
[Date "2016.11.08"]
[Round "3.16"]
[Board "5"]
[White "Persson, Mats"]
[Black "Van der Werf, Mark"]
[Result "1/2-1/2"]
[WhiteTitle "FM"]
[BlackTitle "IM"]
[WhiteElo "2314"]
[BlackElo "2412"]
[WhiteTeam "Oslo Schakselskap"]
[BlackTeam "LSG IntelliMagic"]
[WhiteFideId "1708333"]
[BlackFideId "1000470"]
[EventDate "2016.11.06"]

1. e4 e5 2. Nf3 Nc6 3. d4 exd4 4. Bc4 Nf6 5. O-O Nxe4 6. Re1 d5 7. Bxd5 Qxd5 8.
Nc3 Qd7 9. Rxe4+ Be7 10. Nxd4 f5 11. Rf4 O-O 12. Nxc6 Qxc6 13. Qd5+ Qxd5 14.
Nxd5 Bd8 15. Rd4 c6 16. Nc3 Bb6 17. Ra4 Bc7 18. g3 b5 19. Rd4 Be5 20. Rd3 Ba6
21. Rd7 b4 22. Na4 Bb5 23. Nc5 Rae8 24. a3 a5 25. axb4 axb4 26. Raa7 Ra8 27.
Rab7 Ra1 28. Nb3 Rb1 29. Kg2 Ba6 30. Rxb4 Bc8 31. Ra7 Bxb2 32. Nc5 Rxc1 33. Rxb2
f4 34. gxf4 Rd1 35. Nd3 h6 36. Rc7 Kh7 37. Ra2 Be6 38. Raa7 Rg8 39. Kf3 Rg1 40.
Nb4 Rc8 41. Ke3 Bd5 42. Kd2 Rf8 43. Nxd5 cxd5 44. Ke3 Rf5 45. Rf7 Rxf7 46. Rxf7
Rc1 47. Rc7 Kg6 48. Rc8 Kf6 49. h4 Ke6 50. Rc6+ Kf5 51. Rc7 g6 52. Kf3 h5 53.
Rc5 Ke6 54. Rc6+ Kf5 55. Rc8 Ke6 56. Re8+ Kf6 57. Rc8 Ke6 58. Re8+ Kf6 59. Rc8 1/2-1/2

[Event "32nd ECC Open 2016"]
[Site "Novi Sad SRB"]
[Date "2016.11.08"]
[Round "3.16"]
[Board "6"]
[White "De Jong, Jan-Willem"]
[Black "Moen, Ole Christian"]
[Result "1/2-1/2"]
[WhiteTitle "IM"]
[BlackTitle "FM"]
[WhiteElo "2447"]
[BlackElo "2165"]
[WhiteTeam "LSG IntelliMagic"]
[BlackTeam "Oslo Schakselskap"]
[WhiteFideId "1008641"]
[BlackFideId "1500457"]
[EventDate "2016.11.06"]

1. d4 Nf6 2. c4 g6 3. Nc3 Bg7 4. e4 d6 5. Be2 O-O 6. Nf3 e5 7. Be3 Nc6 8. d5 Ne7
9. Nd2 Ne8 10. f3 f5 11. c5 Kh8 12. Nc4 Ng8 13. Qd2 Bh6 14. Bxh6 Qh4+ 15. g3
Qxh6 16. cxd6 cxd6 17. Nb5 Rf6 18. Qxh6 Nxh6 19. Rc1 fxe4 20. fxe4 Bh3 21. Rg1
Bd7 22. a4 Kg7 23. Kd2 Rd8 24. Nxa7 Rf2 25. Ke3 Rxh2 26. Nb5 Ng4+ 27. Bxg4 Bxg4
28. Nd2 Rd7 29. Rcf1 Be2 30. Rf2 Rxf2 31. Kxf2 Bxb5 32. axb5 Rc7 33. Ke3 Rc2 34.
Rb1 Nc7 35. Kd3 Rc5 36. b4 Rxb5 37. Nc4 Nxd5 38. exd5 Rxd5+ 39. Ke3 Rd4 40. Na5
b6 41. Nc6 Rg4 42. Rd1 Rxg3+ 43. Ke4 h5 44. Rxd6 h4 45. Nxe5 h3 46. Rd1 Kf6 47.
Kf4 Rb3 48. Rd6+ Ke7 49. Rxg6 Rxb4+ 50. Kg3 Rb3+ 51. Nf3 b5 52. Rh6 Rc3 53. Kf4
b4 54. Rxh3 Kd6 55. Rh5 Rc5 56. Rh1 Rc4+ 57. Ke3 Rc3+ 58. Ke2 b3 59. Nd2 Kd5 60.
Rb1 Rh3 61. Nxb3 Rh2+ 62. Kd3 Rh3+ 63. Kc2 Rh2+ 64. Kc3 Rh3+ 65. Kb4 Rh4+ 66.
Kb5 Rh5 67. Rd1+ Ke4+ 68. Kc4 Rh8 69. Re1+ Kf4 70. Nd4 Ra8 71. Ne6+ Kf5 72. Kd5
Ra5+ 73. Nc5 Kf4 74. Kd4 Ra8 75. Rf1+ Kg4 1/2-1/2

[Event "32nd ECC Open 2016"]
[Site "Novi Sad SRB"]
[Date "2016.11.08"]
[Round "3.17"]
[Board "1"]
[White "Nijboer, Friso"]
[Black "Karttunen, Mika"]
[Result "1/2-1/2"]
[WhiteTitle "GM"]
[BlackTitle "IM"]
[WhiteElo "2550"]
[BlackElo "2452"]
[WhiteTeam "En Passant"]
[BlackTeam "Tammer-Shakki"]
[WhiteFideId "1000063"]
[BlackFideId "502081"]
[EventDate "2016.11.06"]

1. e4 e5 2. Nf3 Nc6 3. Bc4 Bc5 4. c3 Nf6 5. d3 d6 6. a4 a6 7. O-O O-O 8. Bg5 h6
9. Bh4 Ba7 10. Nbd2 Be6 11. b4 Qe7 12. Rc1 Bxc4 13. Nxc4 Qe6 14. Bxf6 Qxf6 15.
b5 Ne7 16. d4 Ng6 17. Ne3 Rfe8 18. Re1 axb5 19. axb5 c6 20. bxc6 bxc6 21. h3 Nf4
22. Nf5 Bb6 23. Qd2 Kh7 24. Kh2 g6 25. Ne3 h5 26. h4 exd4 27. Nc4 dxc3 28. Rxc3
Bxf2 29. Qxf2 Qxc3 30. Nxd6 f6 31. Nxe8 Rxe8 32. Qa2 1/2-1/2

[Event "32nd ECC Open 2016"]
[Site "Novi Sad SRB"]
[Date "2016.11.08"]
[Round "3.17"]
[Board "2"]
[White "Pohjala, Henri"]
[Black "Vedder, Henk"]
[Result "1-0"]
[WhiteTitle "FM"]
[BlackTitle "IM"]
[WhiteElo "2377"]
[BlackElo "2370"]
[WhiteTeam "Tammer-Shakki"]
[BlackTeam "En Passant"]
[WhiteFideId "506478"]
[BlackFideId "1002872"]
[EventDate "2016.11.06"]

1. d4 d5 2. Nf3 Nf6 3. e3 e6 4. c4 c5 5. cxd5 exd5 6. Bb5+ Bd7 7. Bxd7+ Nbxd7 8.
dxc5 Bxc5 9. O-O O-O 10. Nc3 Nb6 11. b3 Re8 12. Bb2 Ne4 13. Ne2 a5 14. a4 Qd7
15. Rc1 Ra6 16. Qd3 Bf8 17. Bd4 Na8 18. Nf4 Rh6 19. Ne5 Qf5 20. f3 Nd6 21. Ng4
Rh5 22. Qd2 Rg5 23. Qxa5 h5 24. Nf2 Qd7 25. N2h3 Rf5 26. g4 hxg4 27. fxg4 Rxf4
28. Nxf4 Qxg4+ 29. Kh1 Nf5 30. Qxd5 Nxe3 31. Qf3 Qxf3+ 32. Rxf3 Nf5 33. Bf2 Nd6
34. Rd3 Ne4 35. Bg1 Be7 36. Nd5 Bg5 37. Rc4 f5 38. Be3 f4 39. Bg1 f3 40. Rc2 Rf8
41. Bf2 Kh7 42. Kg1 Bh6 43. h4 Kg6 44. Rc4 Nd6 45. Ne7+ Kf7 46. Rxd6 1-0

[Event "32nd ECC Open 2016"]
[Site "Novi Sad SRB"]
[Date "2016.11.08"]
[Round "3.17"]
[Board "3"]
[White "Peng, Zhaoqin"]
[Black "Ahvenjarvi, Jani"]
[Result "1-0"]
[WhiteTitle "GM"]
[BlackTitle "FM"]
[WhiteElo "2380"]
[BlackElo "2333"]
[WhiteTeam "En Passant"]
[BlackTeam "Tammer-Shakki"]
[WhiteFideId "1004786"]
[BlackFideId "507571"]
[EventDate "2016.11.06"]

1. d4 Nf6 2. c4 e6 3. Nf3 d5 4. Nc3 Be7 5. Bg5 O-O 6. e3 h6 7. Bh4 Ne4 8. Bxe7
Qxe7 9. Rc1 Nxc3 10. Rxc3 c6 11. a3 Nd7 12. h3 Rd8 13. Qc2 dxc4 14. Bxc4 e5 15.
O-O e4 16. Nd2 Nf6 17. b4 a6 18. Bb3 Qe8 19. Rc5 Rd7 20. f3 exf3 21. Rxf3 Rd6
22. Nc4 Rd5 23. Nb6 Rxc5 24. bxc5 Rb8 25. Rxf6 gxf6 26. Qg6+ Kf8 27. Qxh6+ Kg8
28. Qg6+ Kf8 29. Qg3 Bf5 30. Nc4 Be6 31. Nd6 Qd8 32. e4 b6 33. e5 bxc5 34. Bxe6
fxe6 35. dxc5 Qe7 36. Qh4 Kg7 37. Ne4 Qf7 38. exf6+ Kg8 39. Qg3+ 1-0

[Event "32nd ECC Open 2016"]
[Site "Novi Sad SRB"]
[Date "2016.11.08"]
[Round "3.17"]
[Board "4"]
[White "Kytoniemi, Jyrki"]
[Black "Van de Griendt, Jan Willem"]
[Result "1/2-1/2"]
[WhiteTitle "FM"]
[BlackTitle "IM"]
[WhiteElo "2218"]
[BlackElo "2357"]
[WhiteTeam "Tammer-Shakki"]
[BlackTeam "En Passant"]
[WhiteFideId "501425"]
[BlackFideId "1002112"]
[EventDate "2016.11.06"]

1. Nf3 e6 2. g3 b6 3. Bg2 Bb7 4. c4 c5 5. O-O Nf6 6. Nc3 d6 7. d3 a6 8. a3 Nbd7
9. e4 Be7 10. b4 O-O 11. Rb1 Qc7 12. Bb2 Rfd8 13. Qe2 Rac8 14. Ba1 Bf8 15. Rfe1
Ba8 16. h3 g6 17. Nh4 Bg7 18. Kh2 cxb4 19. axb4 Ne8 20. Rbc1 Qb8 21. f4 Nc7 22.
Nd1 Bxa1 23. Rxa1 b5 24. Ne3 bxc4 25. Nxc4 Qxb4 26. Reb1 Qc5 27. Ra5 Nb5 28. Qb2
Rb8 29. Qa1 Bb7 30. Nf3 Qc7 31. Rc1 Nc5 32. Nb2 Qe7 33. Qa2 Rdc8 34. Nd2 h5 35.
h4 Nd4 36. Rc4 Nc6 37. Ra3 e5 38. f5 Kg7 39. fxg6 fxg6 40. Nf3 Rf8 41. Na4 Bc8
42. Nxc5 dxc5 43. Qa1 Rb5 44. Rc1 Nd4 45. Nxd4 cxd4 46. Ra2 Rc5 47. Rac2 Rxc2
48. Rxc2 Qd6 49. Qc1 Bd7 50. Rc5 Rf7 51. Rd5 Qf6 52. Qc5 Bb5 53. Rxe5 Bxd3 54.
Rd5 Bf1 55. Bxf1 Qxf1 56. Qxd4+ Kh7 57. Rd7 Qe2+ 58. Kg1 Qe1+ 59. Kh2 Qe2+ 60.
Kg1 Qf1+ 61. Kh2 Qe2+ 62. Kg1 1/2-1/2

[Event "32nd ECC Open 2016"]
[Site "Novi Sad SRB"]
[Date "2016.11.08"]
[Round "3.17"]
[Board "5"]
[White "Vedder, Richard"]
[Black "Nieminen, Samuli"]
[Result "1/2-1/2"]
[WhiteTitle "FM"]
[WhiteElo "2208"]
[BlackElo "2161"]
[WhiteTeam "En Passant"]
[BlackTeam "Tammer-Shakki"]
[WhiteFideId "1004166"]
[BlackFideId "504955"]
[EventDate "2016.11.06"]

1. e4 c6 2. d4 d5 3. e5 Bf5 4. Nf3 e6 5. Be2 Ne7 6. O-O h6 7. Nbd2 Nd7 8. Nb3 g5
9. a4 a5 10. Be3 Bg7 11. Ne1 Bg6 12. Nd3 Nf5 13. Bh5 Bxh5 14. Qxh5 Qe7 15. Bd2
b6 16. f4 c5 17. dxc5 bxc5 18. g4 Nh4 19. Nxa5 gxf4 20. Nc6 Qg5 21. Nxf4 Qxh5
22. Nxh5 Bxe5 23. Nxe5 Nxe5 24. Bf4 Nd7 25. h3 Ng6 26. Bd2 Nge5 27. b3 Ke7 28.
Rae1 Rag8 29. Kh2 d4 30. Bf4 Nc6 31. Ng3 e5 32. Nf5+ Ke6 33. Nxh6 Rg7 34. Bc1 f6
35. h4 Ne7 36. Kh3 Rgh7 37. g5 fxg5 38. hxg5 Ng8 39. Rf2 Nxh6 40. gxh6 Nf6 41.
Bf4 e4 42. Bg5 Rxh6+ 43. Bxh6 Rxh6+ 44. Kg2 Rg6+ 45. Kf1 Ke5 46. Rg2 Rh6 47.
Rg5+ Kf4 48. Rxc5 d3 49. cxd3 exd3 50. Re6 d2 51. Ke2 Rh2+ 52. Kd1 Ne4 53. Rxe4+
Kxe4 54. Rc3 Kd4 55. Rg3 Rf2 56. Kc2 Kc5 57. Rg4 Rh2 58. Rc4+ Kb6 59. Rd4 d1=Q+
60. Kxd1 Rb2 61. Rb4+ Ka6 62. Kc1 Rg2 63. Rc4 Ka5 64. Rc2 Rg4 65. Kb2 Kb4 66.
Rd2 Rh4 67. Kc2 Rg4 68. Rd3 Rg2+ 69. Rd2 Rg4 70. Re2 Rh4 71. Rg2 Rf4 72. Rg3
Rf2+ 73. Kd1 Rh2 74. Re3 Rg2 75. Re2 Rg3 1/2-1/2

[Event "32nd ECC Open 2016"]
[Site "Novi Sad SRB"]
[Date "2016.11.08"]
[Round "3.17"]
[Board "6"]
[White "Iivonen, Markku"]
[Black "De Graaf, Dick"]
[Result "1/2-1/2"]
[WhiteElo "2052"]
[BlackElo "2207"]
[WhiteTeam "Tammer-Shakki"]
[BlackTeam "En Passant"]
[WhiteFideId "506940"]
[BlackFideId "1005677"]
[EventDate "2016.11.06"]

1. d4 Nf6 2. c4 c5 3. d5 b5 4. cxb5 a6 5. bxa6 Bxa6 6. Nc3 d6 7. e4 Bxf1 8. Kxf1
g6 9. Nf3 Nbd7 10. g3 Bg7 11. Kg2 O-O 12. Re1 Qb8 13. Qc2 Ng4 14. Bf4 Rc8 15. h3
Nge5 16. Bxe5 Nxe5 17. Nxe5 Bxe5 18. a4 Qb4 19. f4 Bd4 20. Nb5 Rcb8 21. e5 dxe5
22. fxe5 Bxe5 23. Rxe5 Rxb5 24. Rxe7 Qxb2 25. Qxb2 Rxb2+ 26. Kf3 Rd2 27. a5 Ra6
28. Rb7 Rd3+ 29. Ke4 Rd4+ 30. Ke3 Rxd5 31. Rb6 Ra7 32. Ra2 c4 33. a6 Rd3+ 34.
Kf2 Rb3 35. Rc6 c3 36. Ke3 c2+ 37. Kf4 Rb6 38. Raxc2 Rbxa6 39. g4 Rxc6 40. Rxc6
Ra3 41. h4 Rh3 42. h5 gxh5 43. gxh5 Rxh5 44. Rb6 Kg7 45. Rc6 Rh1 46. Rb6 Rg1 47.
Kf5 h6 48. Kf4 h5 49. Kf5 Rg6 50. Rb4 Kh6 51. Rb8 Kg7 52. Rb4 Rg4 53. Rb6 Rg2
54. Rb4 Ra2 55. Rb3 Ra5+ 56. Kf4 Ra1 57. Kf5 Rh1 58. Rb6 h4 59. Kg4 h3 60. Kg3
f6 61. Rb8 Kg6 62. Kf4 h2 63. Kg3 Kf5 64. Kg2 Re1 65. Kxh2 Kf4 66. Kg2 Re2+ 67.
Kf1 Re3 68. Kf2 Ra3 69. Rb1 Ke5 70. Rb4 1/2-1/2

[Event "32nd ECC Open 2016"]
[Site "Novi Sad SRB"]
[Date "2016.11.08"]
[Round "3.18"]
[Board "1"]
[White "Schroeder, Jan-Christian"]
[Black "Kharchenko, Boris"]
[Result "1-0"]
[WhiteTitle "GM"]
[BlackTitle "GM"]
[WhiteElo "2521"]
[BlackElo "2450"]
[WhiteTeam "The Smashing Pawns Bieles"]
[BlackTeam "LugPokerChess"]
[WhiteFideId "24662259"]
[BlackFideId "14113210"]
[EventDate "2016.11.06"]

1. e4 e5 2. Nf3 Nc6 3. Bb5 a6 4. Ba4 Nf6 5. O-O Be7 6. Re1 b5 7. Bb3 d6 8. c3
O-O 9. h3 Na5 10. Bc2 c5 11. d4 Qc7 12. Nbd2 Bd7 13. Nf1 cxd4 14. cxd4 Rac8 15.
Bb1 Rfe8 16. Ng3 g6 17. Bg5 exd4 18. Nxd4 Qc5 19. Bf4 Nc4 20. b3 Nb6 21. Be3 Qc7
22. Bd3 d5 23. Qf3 dxe4 24. Nxe4 Nxe4 25. Bxe4 Qd6 26. Rad1 Qf6 27. Bb7 Qxf3 28.
Nxf3 Rc7 29. Bxa6 Bb4 30. Rc1 1-0

[Event "32nd ECC Open 2016"]
[Site "Novi Sad SRB"]
[Date "2016.11.08"]
[Round "3.18"]
[Board "2"]
[White "Shagbazyan, Taron"]
[Black "Frischmann, Rick"]
[Result "1-0"]
[WhiteTitle "FM"]
[WhiteElo "2423"]
[BlackElo "2312"]
[WhiteTeam "LugPokerChess"]
[BlackTeam "The Smashing Pawns Bieles"]
[WhiteFideId "14122073"]
[BlackFideId "24660752"]
[EventDate "2016.11.06"]

1. d4 Nf6 2. c4 g6 3. g3 c6 4. Bg2 d5 5. Nd2 Bg7 6. e3 O-O 7. Ne2 Bf5 8. O-O a5
9. Re1 Na6 10. a3 Qb6 11. b3 e6 12. Bb2 c5 13. cxd5 exd5 14. Nc3 cxd4 15. Na4
Qd6 16. Bxd4 Rac8 17. Bf1 Ng4 18. Bxg7 Kxg7 19. Nf3 Ne5 20. Nxe5 Qxe5 21. Nb6
Bc2 22. Qd2 Rc7 23. Rac1 Bxb3 24. Bxa6 Rxc1 25. Rxc1 bxa6 26. Nd7 Qe6 27. Nc5 1-0

[Event "32nd ECC Open 2016"]
[Site "Novi Sad SRB"]
[Date "2016.11.08"]
[Round "3.18"]
[Board "3"]
[White "Commercon, Simon"]
[Black "Kostromin, Mikhail"]
[Result "0-1"]
[BlackTitle "IM"]
[WhiteElo "2266"]
[BlackElo "2306"]
[WhiteTeam "The Smashing Pawns Bieles"]
[BlackTeam "LugPokerChess"]
[WhiteFideId "24620998"]
[BlackFideId "2807807"]
[EventDate "2016.11.06"]

1. d4 Nf6 2. c4 e6 3. Nf3 c5 4. d5 exd5 5. cxd5 d6 6. Nc3 g6 7. h3 Bg7 8. e4 O-O
9. Bd3 Re8 10. O-O c4 11. Bxc4 Nxe4 12. Nxe4 Rxe4 13. Bg5 Bf6 14. Qc2 Re8 15.
Rfe1 Bd7 16. Qd2 b5 17. Bf1 Bxg5 18. Nxg5 Re5 19. f4 Rxe1 20. Rxe1 Na6 21. Kh2
Nc7 22. Qd4 Ne8 23. a3 h6 24. Nf3 a6 25. Bd3 Nf6 26. Nd2 Nh5 27. f5 gxf5 28. Qf2
Qg5 29. Nf3 Qf6 30. Qd4 Re8 31. Rc1 Qxd4 32. Nxd4 Re5 33. Nc6 Re3 34. Rd1 Nf6
35. Nb8 Bc8 36. Kg1 f4 37. Kf2 Bb7 38. a4 Bxd5 39. Nxa6 bxa4 40. Nb4 Bb7 41. Bc2
Rg3 42. Rxd6 Rxg2+ 43. Ke1 Ne4 44. Bxe4 Bxe4 45. Rd2 Rxd2 46. Kxd2 Kg7 47. Na6
Kf6 48. Nc5 Bc6 49. Kc2 Ke5 50. Nd3+ Ke4 51. Nf2+ Kd4 52. Kd2 Be4 53. Nd1 f5 54.
Nc3 Bc6 55. Nd1 Ke4 56. Ke2 Bb5+ 57. Kf2 Kd3 58. Kf3 Kc2 59. Nc3 a3 60. Nxb5 a2 0-1

[Event "32nd ECC Open 2016"]
[Site "Novi Sad SRB"]
[Date "2016.11.08"]
[Round "3.18"]
[Board "4"]
[White "Palkovich, Denis"]
[Black "Wild, Achim"]
[Result "0-1"]
[WhiteTitle "FM"]
[WhiteElo "2118"]
[BlackElo "2230"]
[WhiteTeam "LugPokerChess"]
[BlackTeam "The Smashing Pawns Bieles"]
[WhiteFideId "14113260"]
[BlackFideId "4658728"]
[EventDate "2016.11.06"]

1. d4 d5 2. Bf4 Nf6 3. e3 c5 4. c3 Nc6 5. Nd2 e6 6. Ngf3 Bd6 7. Bg3 O-O 8. Bd3
b6 9. Ne5 Bb7 10. f4 Ne7 11. Qf3 Nf5 12. Bf2 Be7 13. Ng4 Nxg4 14. Qxg4 Nd6 15.
Nf3 f5 16. Qh3 Qc8 17. Rd1 Ba6 18. Bb1 cxd4 19. Nxd4 Rf6 20. g4 Ne4 21. gxf5
exf5 22. Rg1 Kh8 23. Rg2 g6 24. Rg1 Rd6 25. Bh4 Qd8 26. Bxe7 Qxe7 27. Bxe4 dxe4
28. Qh6 Rad8 29. h4 Rg8 30. Rg5 Qc7 31. h5 Qc4 32. hxg6 Qf1+ 33. Kd2 Qd3+ 0-1

[Event "32nd ECC Open 2016"]
[Site "Novi Sad SRB"]
[Date "2016.11.08"]
[Round "3.18"]
[Board "5"]
[White "Jeitz, Christian"]
[Black "Maratkanov, Evgeny"]
[Result "1/2-1/2"]
[WhiteElo "2173"]
[BlackElo "2141"]
[WhiteTeam "The Smashing Pawns Bieles"]
[BlackTeam "LugPokerChess"]
[WhiteFideId "4000803"]
[BlackFideId "14106205"]
[EventDate "2016.11.06"]

1. e4 e6 2. d4 d5 3. Nc3 dxe4 4. Nxe4 Bd7 5. Nf3 Bc6 6. Bd3 Nd7 7. O-O Ngf6 8.
Qe2 Be7 9. c4 Nxe4 10. Bxe4 Bxe4 11. Qxe4 c6 12. Bf4 O-O 13. Rfd1 Qb6 14. Qe2
Bf6 15. Be3 Qa5 16. a3 Rfd8 17. b4 Qh5 18. Bf4 Nf8 19. Ra2 Rd7 20. Be5 Rad8 21.
Bxf6 gxf6 22. Rad2 Ng6 23. Qe3 a6 24. h3 Nh4 25. Nxh4 Qxh4 26. Kh2 f5 27. g3 Qf6
28. f4 a5 29. Rd3 axb4 30. axb4 b5 31. c5 Ra7 32. R1d2 Ra4 33. Rb3 Rd5 34. Kg2
Qd8 35. Kf3 Rd7 36. Qe5 Rd5 37. Qe3 Ra1 38. Rdd3 Ra2 39. Ra3 Rxa3 40. Rxa3 Rxd4
41. Ra8 Qxa8 42. Qxd4 Qa3+ 43. Kf2 Qa2+ 44. Ke3 Qd5 45. Qf6 Kf8 46. Qh8+ Ke7 47.
Qc8 Qd7 48. Qh8 Qd1 49. Qc8 Qe1+ 50. Kf3 Qxb4 51. Qc7+ Kf6 52. Qd8+ 1/2-1/2

[Event "32nd ECC Open 2016"]
[Site "Novi Sad SRB"]
[Date "2016.11.08"]
[Round "3.18"]
[Board "6"]
[White "Shvyriaev, Artem"]
[Black "Linster, Philippe"]
[Result "0-1"]
[WhiteElo "2116"]
[BlackElo "2229"]
[WhiteTeam "LugPokerChess"]
[BlackTeam "The Smashing Pawns Bieles"]
[WhiteFideId "14118181"]
[BlackFideId "4001206"]
[EventDate "2016.11.06"]

1. e4 e5 2. Nf3 Nc6 3. Bb5 a6 4. Ba4 Nf6 5. O-O Be7 6. Re1 b5 7. Bb3 d6 8. c3
O-O 9. d4 Bg4 10. d5 Na5 11. Bc2 Qc8 12. Nbd2 c6 13. dxc6 Qxc6 14. Nf1 Nc4 15.
b3 Nb6 16. Bb2 Nbd7 17. Ng3 h6 18. h3 Be6 19. Qd2 Rfe8 20. Nh4 Bf8 21. Nhf5 d5
22. Rad1 Rac8 23. exd5 Bxd5 24. Ne3 Be6 25. Bf5 Nb6 26. Bxe6 Rxe6 27. Rc1 Rd6
28. Qe2 Rcd8 29. Rc2 Nbd5 30. c4 Nf4 31. Qf1 Nd3 32. Rb1 g6 33. cxb5 Qxb5 34.
Ba3 R6d7 35. Bxf8 Kxf8 36. Nc4 h5 37. Qe2 Rd4 38. f3 h4 39. Nf1 Nh5 40. Rd2 Nhf4
41. Qe3 Rxc4 0-1

[Event "32nd ECC Open 2016"]
[Site "Novi Sad SRB"]
[Date "2016.11.08"]
[Round "3.19"]
[Board "1"]
[White "Villegas, Pierre"]
[Black "Antic, Dejan"]
[Result "1-0"]
[WhiteTitle "FM"]
[BlackTitle "GM"]
[WhiteElo "2344"]
[BlackElo "2455"]
[WhiteTeam "Cercle d'Echecs Monte-Carlo"]
[BlackTeam "Crvena Zvezda"]
[WhiteFideId "654183"]
[BlackFideId "901008"]
[EventDate "2016.11.06"]

1. c4 e6 2. Nc3 Bb4 3. Qc2 c5 4. a3 Ba5 5. Ne4 Nf6 6. Nxc5 O-O 7. Nf3 d5 8. e3
Nc6 9. b4 Bc7 10. Bb2 Qe7 11. d4 e5 12. cxd5 Nxd5 13. Bd3 exd4 14. Nxd4 Ne5 15.
Bxh7+ Kh8 16. Be4 Rd8 17. Nb5 Nf6 18. Nxc7 Nxe4 19. Qxe4 Nd3+ 20. Kf1 Qxe4 21.
Nxe4 Bf5 22. Ng3 Rac8 23. Bxg7+ Kxg7 24. Nxf5+ Kf6 25. Nd4 1-0

[Event "32nd ECC Open 2016"]
[Site "Novi Sad SRB"]
[Date "2016.11.08"]
[Round "3.19"]
[Board "2"]
[White "Abramovic, Bosko"]
[Black "Ribbegren, Karl Johan"]
[Result "1-0"]
[WhiteTitle "GM"]
[WhiteElo "2420"]
[BlackElo "2248"]
[WhiteTeam "Crvena Zvezda"]
[BlackTeam "Cercle d'Echecs Monte-Carlo"]
[WhiteFideId "900206"]
[BlackFideId "5400040"]
[EventDate "2016.11.06"]

1. Nf3 Nf6 2. g3 g6 3. Bg2 Bg7 4. O-O O-O 5. d4 d6 6. Nc3 c6 7. a4 a5 8. e4 Nbd7
9. h3 e5 10. Be3 Qe7 11. Qd2 Re8 12. Rfe1 Nf8 13. Rad1 N6d7 14. b3 Nf6 15. Qc1
Qc7 16. dxe5 dxe5 17. Bc5 N6d7 18. Bd6 Qb6 19. Nd2 Ne6 20. Nc4 Qa7 21. Ba3 Ndc5
22. Ne2 Nd4 23. Nxd4 exd4 24. e5 Be6 25. Nd6 Reb8 26. Qf4 d3 27. cxd3 Bxb3 28.
d4 Ne6 29. Qxf7+ Kh8 30. Qe7 Nxd4 31. Bc5 b6 32. Qxa7 Rxa7 33. Bxd4 Bxd1 34.
Rxd1 Re7 35. Bxc6 1-0

[Event "32nd ECC Open 2016"]
[Site "Novi Sad SRB"]
[Date "2016.11.08"]
[Round "3.19"]
[Board "4"]
[White "Govedarica, Radovan"]
[Black "Van Hoolandt, Patrick"]
[Result "1-0"]
[WhiteTitle "IM"]
[BlackTitle "FM"]
[WhiteElo "2374"]
[BlackElo "2156"]
[WhiteTeam "Crvena Zvezda"]
[BlackTeam "Cercle d'Echecs Monte-Carlo"]
[WhiteFideId "900630"]
[BlackFideId "200999"]
[EventDate "2016.11.06"]

1. e4 e5 2. Nf3 Nc6 3. Bb5 Nf6 4. d3 Nd4 5. Nxd4 exd4 6. O-O c6 7. Bc4 d5 8.
exd5 Nxd5 9. Re1+ Be6 10. Qg4 Qa5 11. Bd2 Qb6 12. Bxd5 cxd5 13. b3 g6 14. a4 Bg7
15. a5 Qc6 16. Bb4 O-O-O 17. Qd1 Kb8 18. Bd2 Rhe8 19. Na3 h5 20. h3 f5 21. Qf3
Rc8 22. Qf4+ 1-0